Talleres de animación sociocultural / (Registro nro. 7743)

Detalles MARC
000 -LIDER
fixed length control field 01413nam a2200433 a 4500
001 - NÚMERO DE CONTROL
Identificador de número de control 000004646
003 - IDENTIFICACDOR DE NÚMERO DE CONTROL
control field DO-SdBNP
005 - DATE AND TIME OF LATEST TRANSACTION
control field 20180326154341.0
007 - CAMPOS FIJOS DE DESCRIPCIÓN FÍSICA
fixed length control field 000004646
008 - ELEMENTOS DE LONGITUD FIJA
fixed length control field 090724s1997 dr a 001 0 spa d
040 ## - FUENTE DE CATALOGACIÓN
Agencia que crea de manera original el registro BPMSU
Idioma de catalogación spa
Agencia que realiza la transcripción BPMSU
082 #4 - NÚMERO DE CLASIFICACIÓN DECIMAL DE DEWEY
Classification number 361.80
Item number C379t
110 2# - ASIENTO PRINCIPAL--NOMBRE CORPORATIVO
Nombre corporativo o de jurisdicción Centro Cultural Poveda.
245 10 - MENCIÓN DE TITULO
Título Talleres de animación sociocultural /
Mención de responsabilidad Monserrat Bobés í Solá...[et.al]
260 ## - PUBLICACIÓN, DISTRIBUCIÓN, ETC. (PIE DE IMPRENTA)
Lugar de publicación, distribución, etc Santo Domingo :
Nombre del editor, distribuidor, etc. Centro Cultural Poveda,
Fecha de publicación, distribución, etc 1997.
300 ## - DESCRIPCIÓN FÍSICA
Extensión 69 p. :
Otros detalles físicos il. ;
Dimensiones 27 cm.
440 #0 - MENCIÓN DE SERIE/ENTRADA SECUNDARIA--TÍTULO
Título Cuadernos de Sociedad y Educación
Número de la parte o sección de una obra 7
504 ## - NOTA DE BIBLIOGRAFÍA, ETC.
Bibliography, etc Incluye bibliografía y notas al pie de páginas.
504 ## - NOTA DE BIBLIOGRAFÍA, ETC.
Bibliography, etc Bibliografía: p. 66-69.
650 #4 - ENCABEZAMIENTO DE MATERIA--TEMÁTICO
Término temático o nombre geográfico como elemento de entrada ANIMACIÓN CULTURAL
650 #4 - ENCABEZAMIENTO DE MATERIA--TEMÁTICO
Término temático o nombre geográfico como elemento de entrada PARTICIPACIÓN CULTURAL
650 #4 - ENCABEZAMIENTO DE MATERIA--TEMÁTICO
Término temático o nombre geográfico como elemento de entrada DESARROLLO DE LA COMUNIDAD
650 #4 - ENCABEZAMIENTO DE MATERIA--TEMÁTICO
Término temático o nombre geográfico como elemento de entrada DINÁMICA DE GRUPOS
650 #4 - ENCABEZAMIENTO DE MATERIA--TEMÁTICO
Término temático o nombre geográfico como elemento de entrada PARTICIPACIÓN SOCIAL
700 1# - ASIENTO SECUNDARIO -- NOMBRE PERSONAL
Nombre personal Bobés í Solá, Monserrat
700 1# - ASIENTO SECUNDARIO -- NOMBRE PERSONAL
Nombre personal Cachofeiro Ramos, María del Pilar
700 1# - ASIENTO SECUNDARIO -- NOMBRE PERSONAL
Nombre personal Frutos Dachs, María Isabel de
700 1# - ASIENTO SECUNDARIO -- NOMBRE PERSONAL
Nombre personal Edo í Ximénes, María Neus
700 1# - ASIENTO SECUNDARIO -- NOMBRE PERSONAL
Nombre personal Klein Bosquet, Oliver
700 1# - ASIENTO SECUNDARIO -- NOMBRE PERSONAL
Nombre personal Pastó í Serra, Blanca
910 ## - VALIDACIÓN
Validación Validado. Control de calidad EMS
930 #1 - EQUIVALENCE OR CROSS-REFERENCE-UNIFORM TITLE HEADING [LOCAL, CANADA]
Language of a work
Medium of performance for music
Medium
Field link and sequence number
Date of a work
Name of part/section of a work
Miscellaneous information
942 ## - ADDED ENTRY ELEMENTS (KOHA)
Source of classification or shelving scheme Dewey Decimal Classification
Koha item type Libros
945 ## - INFORMACIÓN DE PROCESAMIENTO LOCAL
Información de procesamiento local Remanejado para la BNPHU / VM
956 ## - LOCAL ELECTRONIC LOCATION AND ACCESS (OCLC)
Nombre de host
Número de acceso
Información de compresión
Inicio de sesión
Procesador de solicitud
956 ## - LOCAL ELECTRONIC LOCATION AND ACCESS (OCLC)
Nombre de host
Número de acceso
Información de compresión
Inicio de sesión
Procesador de solicitud
956 ## - LOCAL ELECTRONIC LOCATION AND ACCESS (OCLC)
Nombre de host
Número de acceso
Información de compresión
Inicio de sesión
Procesador de solicitud
956 ## - LOCAL ELECTRONIC LOCATION AND ACCESS (OCLC)
Nombre de host VMATEO
Número de acceso 10
Información de compresión 20150428
Inicio de sesión BPMSU
Procesador de solicitud 00151
Existencias
Withdrawn status Lost status Source of classification or shelving scheme Damaged status Not for loan Home library Current library Date acquired Total Checkouts Full call number Barcode Date last seen Price effective from Koha item type Copy number
    Dewey Decimal Classification     Biblioteca Pública Metropolitana Salomé Ureña Biblioteca Pública Metropolitana Salomé Ureña 10/22/2015   361.80 C379t BPMSU15100159 10/22/2015 10/22/2015 Libros  
    Dewey Decimal Classification     Biblioteca Pública Metropolitana Salomé Ureña Biblioteca Pública Metropolitana Salomé Ureña 10/22/2015   361.80 C379t BPMSU15100158 10/22/2015 10/22/2015 Libros e. 2